The politics of Iran: groups, classes and modernization

Saved in:
Bibliographic Details
Main Author: Bill, James A.
Format: Book
Language:English
Published: Columbus, Ohio, Merrill [1972]
Series:Merrill political science series
Subjects:
LEADER 01137nam a2200313 a 4500
001 c000138678
003 CARM
005 19910304000000.0
008 721018s1972 ohu b 001 0 eng
010 |a 73187714 //r772 
019 1 |a 408080  |z 51273979  |z 54048332  |z 57417630  |z 57712445  |5 LACONCORD2021 
020 |a 0675091020 
035 |a (OCoLC)646219  |5 LACONCORD2021 
040 |a LC  |b eng  |c LC  |d NU 
043 |a a-ir--- 
050 0 0 |a HN670.2.Z9  |b S62 
082 0 4 |a 301.44/0955 
100 1 |a Bill, James A. 
245 1 4 |a The politics of Iran: groups, classes and modernization  |c [by] James Alban Bill. 
260 |a Columbus, Ohio,  |b Merrill  |c [1972] 
300 |a ix, 174 p.  |c 23 cm. 
490 0 |a Merrill political science series 
504 |a Bibliography: p. 157-170. 
650 0 |a Social classes  |z Iran. 
650 0 |a Political participation  |z Iran. 
651 0 |a Iran  |x Politics and government. 
852 8 |b CARM  |h A2:AI19A0  |i B04204  |p 0193192  |f BK 
999 f f |i 3cc5d7ad-1433-515e-949b-668528606f6e  |s f462d3aa-14fe-5b77-a6b0-2f286fd6cca8 
952 f f |p Can circulate  |a CAVAL  |b CAVAL  |c CAVAL  |d CARM 1 Store  |e B04204  |f A2:AI19A0  |h Other scheme  |i book  |m 0193192